000 00302nam a22001337a 4500
008 170821b xxu||||| |||| 00| 0 eng d
020 _a070092230
041 _aeng
080 _a51
100 _a37
101 _aMAT
245 _aMEASURE, INTEGRATION AND PROBABILITY
_cBURRILL,C.W
942 _2udc
_cBK
999 _c24402
_d24402